000 00736nam a2200289Ia 4500
005 20260324113053.0
008 008 260324s9999 xx 000 0 eng d
020 _a9781032665184
037 _aEBOOK
040 _aCRL
040 _beng
040 _cCRL
041 _2eng
041 _aeng
084 _qCRL
100 _aAndrés Boix Palop; Giorgia Pavani
_91145297
245 0 _aGreen Cities, Governance and the Law
245 0 _bImpact of the European Green Deal and the Next Generation EU
260 _bTaylor and Francis
260 _c2024
365 _a
365 _b240
856 _uhttp://www.taylorfrancis.com/books/9781032665184
942 _cEBOOK
999 _c1734756
_d1734756